Lo Malo Lyrics - Aitana & Ana Guerra - Estadísticas

Estadísticas generales
  • Esta prueba ha sido intentada 226 veces
  • La puntuación promedio es 435 de 500
Estadísticas de respuestas
ANSWER % Correcto
a
99%
No
99%
no
99%
no,
99%
pa'
98%
Pa'
98%
y
98%
Y
98%
malo
97%
fue
96%
Lo
96%
lo
96%
fuera
95%
La
95%
Que
95%
que
95%
tu
95%
tú,
95%
95%
95%
Yo
95%
yo
95%
94%
mi
94%
se
93%
Se
93%
el
92%
me
92%
Ya
92%
ya
92%
es
91%
de
90%
Voy
90%
voy
90%
voy,
90%
En
88%
por
88%
Te
88%
te
88%
ti
88%
nada
87%
salir
87%
quiero
86%
chico
84%
las
84%
otra
84%
Si
84%
si
84%
toca
84%
toca,
84%
un
84%
porque
83%
Porque
83%
vida
83%
Aitana
82%
más
82%
noche
82%
perder
82%
vez
82%
con
81%
león
81%
mariposas
81%
aquí
79%
bailar
79%
dónde
79%
mala
79%
Soy
79%
War
79%
comió
78%
cuándo,
78%
hoy
78%
hoy,
78%
quién
78%
tócame
78%
lista
77%
decido
76%
Esta
76%
fingir
76%
Solo
76%
solo
76%
game
75%
una
75%
otro
74%
perdió
74%
gané
73%
has
73%
fijar
72%
rosas
72%
atrás
71%
hay
71%
hecho
71%
Tiro
71%
vuelta
71%
Ahora
70%
claro
70%
rabiar
70%
Tengo
70%
Pero
69%
Tira
68%
para
67%
perderte
67%
llamas,
66%
tan
66%
flores
65%
quité,
65%
respondo
65%
han
64%
poco
64%
tanto
64%
darme
62%
estás
62%
Dentro
61%
podrido
61%
ver
59%
vas
57%
miro,
55%
escucho,
54%
oír
53%
sin
53%
bailo
52%
Paso
52%
paso
52%
largo,
50%
largo
50%
oh
47%
servir
44%
colgar
43%
mejor
40%
ay
9%
No se encontraron pruebas coincidentes
Distribución de puntuación
Porcentaje de gente con cada puntuación
Porcentaje por número respondido
Historial de tus puntuaciones
No has intentado esta prueba.